| 000 | 00412nam a22001457a 4500 | ||
|---|---|---|---|
| 003 | BD-ChCU | ||
| 005 | 20260622142630.0 | ||
| 040 | _cBD-ChCU | ||
| 082 | _a330.95 UNE | ||
| 100 |
_aUnited Nations . _924069 |
||
| 245 |
_aEconomic Survey of Asia and the far East , 1967 ./ _cUnited Nations . |
||
| 260 |
_aBankok , _bUnited Nations , _cC 1968 |
||
| 650 | 0 |
_aAsia - Economic conditions . _924071 |
|
| 942 |
_2ddc _cBK _n0 |
||
| 999 |
_c113512 _d113512 |
||